000 00481nam a22001577a 4500
082 _a624.15136
_bREY
_cL-16, P-8
100 _aRaynolds, Henery R.
_942536
245 _aPractical problems in soil mechanics
_cRaynolds, Henery R.
250 _a1st ed.
260 _aLondon
_bCrosby Lockwood & son
_c1948
300 _axii, 205 p.
_bill.
_c24 cm.
526 _a0
_b0
_c0
_d624_151360000000000_REY
526 _a0
_b0
_c0
_d624_151360000000000_REY
650 _aMCE
_9379
942 _2ddc
_cBK
999 _c546411
_d546411